100 Größte Ortschaften Niederösterreichs - Statistiken

Allgemein
  • Dieses Quiz wurde 143 mal gespielt
  • Das Durchschnittsergebnis liegt bei 44 aus 100
Antworten auf der Karte
Die Antworten werden auf der Karte rot bzw. grün angezeigt, abhängig davon wie oft sie richtig erraten wurden.
 
Antwortstatistiken
Einwohner Bezirk Ortschaft % Korrekt
22.436 P St. Pölten
90%
46.456 WN Wiener Neustadt
90%
15.423 AM Amstetten
89%
12.411 TU Tulln an der Donau
89%
15.914 TU Klosterneuburg
86%
25.817 BN Baden
85%
13.334 KO Korneuburg
85%
3.803 ZT Zwettl-NÖ
85%
14.404 KS Krems an der Donau
84%
20.559 MD Mödling
84%
4.108 WT Waidhofen an der Thaya
83%
3.743 WY Waidhofen an der Ybbs
83%
7.071 HL Hollabrunn
82%
11.832 GF Gänserndorf
80%
4.520 GD Gmünd
80%
6.541 MI Mistelbach
80%
5.395 HO Horn
77%
14.447 BL Schwechat
77%
3.948 ME Melk
76%
11.224 NK Neunkirchen
74%
6.990 BL Bruck an der Leitha
73%
4.122 SB Scheibbs
71%
16.089 KO Stockerau
70%
4.770 MI Laa an der Thaya
64%
7.339 NK Ternitz
64%
6.467 BN Traiskirchen
63%
9.890 PL Purkersdorf
62%
9.320 AM St. Valentin
62%
9.901 KO Gerasdorf bei Wien
59%
7.902 BN Bad Vöslau
58%
6.975 BL Hainburg an der Donau
58%
9.310 MD Wiener Neudorf
58%
12.024 MD Brunn am Gebirge
57%
9.018 GF Deutsch-Wagram
57%
4.661 NK Gloggnitz
57%
6.800 GF Groß-Enzersdorf
57%
8.659 MD Maria Enzersdorf
55%
14.978 MD Perchtoldsdorf
55%
7.373 MD Vösendorf
54%
5.656 AM Haag
51%
4.408 SB Wieselburg
51%
9.152 MD Guntramsdorf
50%
4.726 KR Langenlois
50%
4.540 PL Neulengbach
50%
4.233 ME Ybbs an der Donau
50%
5.578 BL Fischamend
49%
3.238 GD Schrems
49%
5.381 BN Ebreichsdorf
46%
11.085 GF Strasshof an der Nordbahn
46%
3.112 PL Herzogenburg
45%
8.084 KO Langenzersdorf
45%
4.946 BN Leobersdorf
42%
4.375 MI Wolkersdorf im Weinviertel
41%
9.076 BN Berndorf
39%
3.536 ME Pöchlarn
39%
6.469 PL Pressbaum
38%
7.303 BN Kottingbrunn
37%
3.113 ME Loosdorf
36%
5.397 BL Himberg
35%
6.577 PL Wilhelmsburg
35%
3.457 LF Traisen
33%
4.413 WB Felixdorf
30%
5.019 PL Gablitz
30%
5.231 WB Sollenau
30%
4.219 KO Bisamberg
26%
3.094 AM Ennsdorf
25%
5.891 MD Breitenfurt bei Wien
24%
3.921 MD Gumpoldskirchen
24%
3.387 BL Mannersdorf am Leithageb.
24%
5.250 BL Leopoldsdorf
23%
3.288 PL Ober-Grafendorf
23%
6.668 P Spratzern
22%
3.817 WB Theresienfeld
22%
3.374 MD Hinterbrühl
20%
3.476 BN Pfaffstätten
20%
4.770 BN Pottendorf
20%
4.853 NK Pottschach
20%
3.431 AM Seitenstetten
20%
3.135 MD Biedermannsdorf
17%
3.639 BL Gramatneusiedl
17%
3.080 MD Münchendorf
16%
3.287 PL Mauerbach
15%
3.266 TU Weidling
15%
3.718 BN Trumau
14%
3.492 TU Wördern
14%
3.075 WB Katzelsdorf
13%
3.206 TU Kierling
13%
4.856 BN Oberwaltersdorf
13%
3.069 BL Rannersdorf
12%
4.554 P Viehofen
12%
3.195 BL Ebergassing
10%
3.350 MD Kaltenleutgeben
10%
4.227 BN Enzesfeld-Lindabrunn
8%
3.173 BN Unterwaltersdorf
8%
5.052 WB Eggendorf
7%
3.710 AM Haidershofen
7%
4.632 BN Möllersdorf
7%
4.166 P Oberwagram
5%
3.535 BN Tribuswinkel
5%
3.884 BN Gainfarn
2%
Keine übereinstimmenden Quizze gefunden
Verteilung der Resultate
Anzahl Personen mit jedem Resultat
Perzentil nach korrekt beantworteten Fragen
Ihre Resultats-Entwicklung
Sie haben dieses Quiz noch nicht gespielt